De la retórica del dumping a la práctica del antidumping. Análisis de un aspecto del proteccionismo moderno (Registro nro. 24953)

Detalles MARC
000 -LEADER
fixed length control field 00390 a2200109 4500
001 - CONTROL NUMBER
control field ART_47191
005 - DATE AND TIME OF LATEST TRANSACTION
control field 20260410161850.0
008 - FIXED-LENGTH DATA ELEMENTS--GENERAL INFORMATION
fixed length control field 260409a
100 1# - MAIN ENTRY--PERSONAL NAME
Personal name Montuschi, Luisa
245 10 - TITLE STATEMENT
Title De la retórica del dumping a la práctica del antidumping. Análisis de un aspecto del proteccionismo moderno
773 0# - HOST ITEM ENTRY
Title Económica
Related parts - Año XXXIX, Nº 1/2 (ene. 1993)
Record control number REV7541

No hay ítems disponibles.